Colorado 14ers - Statistics

General Stats
  • This quiz has been taken 36 times
  • The average score is 28 of 58
Answer Stats
Elevation Range Answer % Correct
14,259 Front Longs Peak
83%
14,438 Sawatch Mt. Elbert
83%
14,109 Front Pikes Peak
78%
14,268 Front Mt. Blue Sky
70%
14,427 Sawatch Mt. Massive
70%
14,275 Front Grays Peak
65%
14,200 Sawatch Mt. Princeton
65%
14,138 Elk Capitol Peak
61%
14,066 Front Mt. Bierstadt
61%
14,154 Mosquito Mt. Democrat
61%
14,424 Sawatch Mt. Harvard
61%
14,256 San Juan Mt. Wilson
61%
14,004 San Juan Sunshine Peak
61%
14,272 Front Torreys Peak
61%
14,021 San Juan Wilson Peak
61%
14,350 Sangre de Cristo Blanca Peak
57%
14,293 Mosquito Mt. Lincoln
57%
14,272 Tenmile Quandary Peak
57%
14,196 Sangre de Cristo Crestone Needle
52%
14,299 Sangre de Cristo Crestone Peak
52%
14,167 Sangre de Cristo Kit Carson Peak
52%
14,163 Elk Maroon Peak
52%
14,200 Sawatch Mt. Yale
52%
14,022 Elk North Maroon Peak
52%
14,178 Mosquito Mt. Bross
48%
14,248 Mosquito Mt. Cameron
48%
14,007 Sawatch Mt. of the Holy Cross
48%
14,230 Sawatch Mt. Shavano
48%
14,318 San Juan Uncompahgre Peak
48%
14,274 Elk Castle Peak
43%
14,053 Sangre de Cristo Culebra Peak
43%
14,041 Sangre de Cristo Little Bear Peak
43%
14,075 Sawatch Mt. Columbia
43%
14,037 San Juan Redcloud Peak
43%
14,105 Elk Snowmass Mountain
43%
14,058 San Juan Handies Peak
39%
14,006 Sawatch Huron Peak
39%
14,344 Sawatch La Plata Peak
39%
14,271 Sawatch Mt. Antero
39%
14,202 Sawatch Mt. Belford
39%
14,158 Sawatch Mt. Oxford
39%
14,029 Elk Pyramid Peak
39%
14,023 San Juan San Luis Peak
39%
14,175 San Juan El Diente Peak
35%
14,071 Sawatch Missouri Mountain
35%
14,055 Sangre de Cristo Mt. Lindsey
35%
14,155 San Juan Mt. Sneffels
35%
14,061 San Juan Sunlight Peak
35%
14,158 Sawatch Tabeguache Peak
35%
14,021 San Juan Wetterhorn Peak
35%
14,086 Sangre de Cristo Challenger Point
30%
14,087 San Juan Mt. Eolus
30%
14,042 San Juan North Eolus
30%
14,037 Elk Conundrum Peak
26%
14,043 Mosquito Mt. Sherman
26%
14,089 San Juan Windom Peak
26%
14,057 Sangre de Cristo Ellingwood Point
22%
14,068 Sangre de Cristo Humboldt Peak
22%
No matching quizzes found
Score Distribution
Percent of People with Each Score
Percentile by Number Answered
Your Score History
You have not taken this quiz